ბათუმის შოთა რუსთაველის სახელმწიფო უნივერსიტეტის ბიბლიოთეკა

Теория рядов (ბიბ.ჩანაწერი № 48228)

000 -LEADER
fixed length control field 00539nam a2200217Ia 4500
001 - CONTROL NUMBER
control field 15112
003 - CONTROL NUMBER IDENTIFIER
control field GE_BSU
008 - FIXED-LENGTH DATA ELEMENTS--GENERAL INFORMATION
fixed length control field 181216s||||||||xx |||||||||||||| ||und||
040 ## - CATALOGING SOURCE
Transcribing agency GE_BSU
080 ## - UNIVERSAL DECIMAL CLASSIFICATION NUMBER
Universal Decimal Classification number 517.52(075.8)
100 ## - MAIN ENTRY--PERSONAL NAME
Personal name Воробьев,Н.Н
245 ## - TITLE STATEMENT
Title Теория рядов
245 ## - TITLE STATEMENT
Remainder of title Учеб.пособ. для студ.вузов
250 ## - EDITION STATEMENT
Edition statement изд. 3-е
260 ## - PUBLICATION, DISTRIBUTION, ETC.
Place of publication, distribution, etc. Москва
260 ## - PUBLICATION, DISTRIBUTION, ETC.
Name of publisher, distributor, etc. Наука
260 ## - PUBLICATION, DISTRIBUTION, ETC.
Date of publication, distribution, etc. 1978
300 ## - PHYSICAL DESCRIPTION
Extent 207стр,20см
653 ## - INDEX TERM--UNCONTROLLED
Uncontrolled term Теория рядов
942 ## - ADDED ENTRY ELEMENTS (KOHA)
Koha item type წიგნი
ეგზემპლარები
Withdrawn status Lost status Damaged status Not for loan Date acquired Barcode Date last seen Price effective from Koha item type
        2018-12-17 16869 2018-12-17 2018-12-17 წიგნი